000 00597nma a22002057a 4500
003 NALT
005 20251007135336.0
006 a||||gq||h| 00| 0
007 co agaaaaaa
008 s2011 gq h eng d
040 _aNALT
041 _aeng
090 _aCD 2460, CD 2780
245 1 0 _aEnglish 2.0 /
_cBerlitz.
260 _achina :
_bBerlitz,
_c2011.
300 _a1 ซีดี-รอม :
_bเสียง, สี;,
_c4 3/4 นิ้ว.
650 4 _aภาษาอังกฤษ
_9467
_xบทสนทนาและวลี
850 _aNALT
942 _cCD
_2local
999 _c74153
_d74153
998 _j104
_k นางสาวสายฝน ดีงาม